Historical theology : (Record no. 9582)

MARC details
000 -LEADER
fixed length control field 03769cam a2200313 a 4500
001 - CONTROL NUMBER
control field 16422411
003 - CONTROL NUMBER IDENTIFIER
control field GBCCL
005 - DATE AND TIME OF LATEST TRANSACTION
control field 20241126110715.0
008 - FIXED-LENGTH DATA ELEMENTS--GENERAL INFORMATION
fixed length control field 100818s2011 miu b 001 0 eng
010 ## -
-- 2010034658
020 ## - INTERNATIONAL STANDARD BOOK NUMBER
International Standard Book Number 9780310230137 (hardcover)
020 ## - INTERNATIONAL STANDARD BOOK NUMBER
International Standard Book Number 0310230136 (hardcover)
020 ## - INTERNATIONAL STANDARD BOOK NUMBER
Canceled/invalid ISBN 9780310410416 (eBook)
035 ## - SYSTEM CONTROL NUMBER
System control number (OCoLC)ocn658811103
040 ## - CATALOGING SOURCE
Original cataloging agency DLC
Transcribing agency DLC
Modifying agency YDX
-- YDXCP
-- EMT
-- LNT
-- XPQ
-- BWX
-- DLC
050 00 -
-- BT21.3
-- .A44 2011
082 00 - DEWEY DECIMAL CLASSIFICATION NUMBER
Classification number 230.09
Edition information 22
Item number ALL
100 1# - MAIN ENTRY--PERSONAL NAME
Personal name Allison, Gregg R.
9 (RLIN) 16651
245 10 - TITLE STATEMENT
Title Historical theology :
Remainder of title an introduction to Christian doctrine : a companion to Wayne Grudem's Systematic theology /
Statement of responsibility, etc. Gregg R. Allison ; foreword by Wayne Grudem.
260 ## - PUBLICATION, DISTRIBUTION, ETC.
Place of publication, distribution, etc. Grand Rapids, Mich. :
Name of publisher, distributor, etc. Zondervan,
Date of publication, distribution, etc. c2011.
300 ## - PHYSICAL DESCRIPTION
Extent 778 p. ;
Dimensions 24 cm.
504 ## - BIBLIOGRAPHY, ETC. NOTE
Bibliography, etc. note Includes bibliographical references and indexes.
505 0# - FORMATTED CONTENTS NOTE
Formatted contents note Pt. 1. The doctrine of the Word of God. The canon of scripture -- The inspiration of scripture -- The authority of scripture -- The inerrancy of scripture -- The clarity of scripture -- The sufficiency and necessity of scripture -- The interpretation of scripture -- Pt. 2. The doctrine of God. The existence and knowability of God -- The character of God -- God in three persons : the Trinity -- Creation -- Providence -- Angels, Satan, and demons -- Pt. 3. The doctrine of humanity. The creation and nature of humanity -- Sin -- Pt. 4. The doctrines of Christ and the Holy Spirit. The person of Jesus Christ -- The atonement -- Resurrection and ascension -- The Holy Spirit -- Pt. 5. The doctrine of the application of redemption. Election and reprobation -- Regeneration, conversion, and effective calling -- Justification (right legal standing before God) -- Sanctification (growth in likeness to Christ) -- The perseverance of the saints (remaining a Christian) -- Pt. 6. The doctrine of the church. The church : its nature, its marks, and its purposes -- Church government -- Baptism -- The Lord's Supper -- Worship -- Pt. 7. The doctrine of the future. Christ's return and the millennium -- The final judgment and eternal punishment -- The new heavens and new earth.
520 8# - SUMMARY, ETC.
Summary, etc. "Most historical theology texts follow Christian beliefs chronologically, discussing notable doctrinal developments for all areas of theology according to their historical appearance. And while this may be good history, it can make for confusing theology, with the classic theological loci scattered throughout various time periods, movements, and controversies. In Historical Theology, Gregg Allison offers students the opportunity to study the historical development of theology according to a topical-chronological arrangement, setting out the history of Christian doctrine one theological element at a time. Such an approach allows readers to concentrate on one tenet of Christianity and its formulation in the early church, through the Middle Ages, Reformation, and post-Reformation era, and into the modern period. The text includes a generous mix of primary source material as well, citing the words of Cyprian, Augustine, Aquinas, Luther, Calvin, Barth, and others. Allison references the most accessible editions of these notable theologians' work so that readers can continue their study of historical theology through Christian history's most important contributors. Historical Theology is a superb resource for those familiar with Wayne Grudem's Systematic Theology or interested in understanding the development of Christian theology" -- Publisher description.
650 #0 - SUBJECT ADDED ENTRY--TOPICAL TERM
Topical term or geographic name entry element Theology, Doctrinal
General subdivision History.
9 (RLIN) 1920
906 ## - LOCAL DATA ELEMENT F, LDF (RLIN)
a 7
b cbc
c orignew
d 1
e ecip
f 20
g y-gencatlg
942 ## - ADDED ENTRY ELEMENTS (KOHA)
Source of classification or shelving scheme Dewey Decimal Classification
Koha item type Books
Koha issues (borrowed), all copies 4
Holdings
Withdrawn status Lost status Source of classification or shelving scheme Damaged status Not for loan Home library Current Library Shelving location Date acquired Total checkouts Total renewals Full call number Barcode Date last seen Date last checked out Copy number Price effective from Koha item type
    Dewey Decimal Classification     GRACE BIBLE COLLEGE GRACE BIBLE COLLEGE Theology 2023-03-20 9 3 230.09 ALL 016071 2026-03-24 2026-03-13 c.1 2023-03-20 Books
© Grace Bible College Library 2025